Homenaje a Aurelio Arteta / (Record no. 89993)

MARC details
000 -LEADER
campo de control de longitud fija 00745nam a2200253 i 4500
001 - NÚMERO DE CONTROL
campo de control 89993
003 - IDENTIFICADOR DE NÚMERO DE CONTROL
campo de control ES-MaACL
005 - FECHA Y HORA DE LA ÚLTIMA TRANSACCIÓN
campo de control 20250511063032.0
007 - CAMPO FIJO DE DESCRIPCIÓN FÍSICA--INFORMACIÓN GENERAL
campo de control de longitud fija t|
008 - DATOS DE LONGITUD FIJA--INFORMACIÓN GENERAL
campo de control de longitud fija 050117s1973 sp |||| |dspa d
080 ## - NÚMERO DE LA CLASIFICACIÓN DECIMAL UNIVERSAL
Número de la Clasificación Decimal Universal 860-1"19"
100 1# - ENTRADA PRINCIPAL--NOMBRE DE PERSONA
Nombre de persona Lázaro, Ángel,
9 (RLIN) 240342
Fechas asociadas al nombre 1900-1985
Término indicativo de función/relación Autor
245 10 - MENCIÓN DEL TÍTULO
Título Homenaje a Aurelio Arteta /
Mención de responsabilidad, etc. Ángel Lázaro.
260 ## - PUBLICACIÓN, DISTRIBUCIÓN, ETC.
Lugar de publicación, distribución, etc. Madrid :
Nombre del editor, distribuidor, etc. Nuevas Gráficas,
Fecha de publicación, distribución, etc. 1973.
300 ## - DESCRIPCIÓN FÍSICA
Extensión 27 p. ;
Dimensiones 25 cm.
586 ## - NOTA DE PREMIOS
Nota de premios Premio Internacional León Felipe
600 14 - PUNTO DE ACCESO ADICIONAL DE MATERIA--NOMBRE DE PERSONA
Nombre de persona Arteta, Aurelio.
9 (RLIN) 23456
655 #7 - TERMINO DE INDIZACIÓN--GENERO/FORMA
Fuente del término tgfbne
9 (RLIN) 226850
Datos o término principal de género/forma Homenajes
852 ## - LOCALIZACIÓN
Ubicación ES-MaACL
Número de control de estantería 2119-F-15
Ubicación en estantería Depósito folletos
852 ## - LOCALIZACIÓN
Ubicación ES-MaACL
Número de control de estantería 2091-F-22
942 ## - ELEMENTOS DE ENTRADA SECUNDARIOS (KOHA)
Fuente del sistema de clasificación o colocación Clasificación decimal universal
Tipo de ítem Koha Folleto
Suprimir en OPAC No
Holdings
Estatus retirado Estado de pérdida Estado de daño No para préstamo Colección Biblioteca de origen Biblioteca actual Ubicación en estantería Fecha de adquisición Fuente de adquisición Total de préstamos Signatura topográfica completa Código de barras Visto por última vez Precio de reemplazo Tipo de ítem Koha
        Colección de folletos Biblioteca del Ateneo de Madrid Biblioteca del Ateneo de Madrid Depósito folletos 17/01/2008     2091-F-22 1093982 23/02/2023 23/02/2023 Folleto
        Colección de folletos Biblioteca del Ateneo de Madrid Biblioteca del Ateneo de Madrid Depósito folletos 17/01/2008     2119-F-15 1093981 23/02/2023 23/02/2023 Folleto